000
00240nam a22001097a 4500
082
_a
808.3 MAU'P
100
_a
MAUGHAM, W. SOMERSET
_9
79445
245
_a
THE PAINTED VEIL
260
_a
LONDON
_b
PENGUIN
_c
1969
300
_a
238P
942
_c
BK
999
_c
584483
_d
584483